• 首页
  • 本馆介绍
  • 公告通知
  • 最新文献
  • 馆藏检索
  • 电子资源
  • 读者导购
  • 参考咨询
  • 我的图书馆
  • 登录
  • 详细信息显示
  • 放入我的书架
  • 预约/预借图书
  • 作者相关作品
  • 分类相关作品
  • 丛书相关作品
  • 出版社相关作品

书目信息

  • 表格格式
  • 工作单格式
  • 卡片格式
题名:
明朝史话
    
 
作者: 娄曾泉 著
分册:  
出版信息: 北京   北京出版社  1984
页数: 369页
开本: 21cm
丛书名:
单 册:
中图分类: K248.09 , K24
科图分类:
主题词: 历史-中国-明代--通俗读物 , 明代-历史--通俗读物
电子资源:
ISBN:
000 00661nam0 2200253 45
001 1556836541
005 20150127213312.51
010    @dCNY1.50
091    @aCN@b11071.199
100    @a19950623d1984 em y0chiy0121 ea
101 0  @achi
102    @aCN@b110000
105    @ay z 000yy
200 10 @a明朝史话@Aming chao shi hua@f娄曾泉著
210    @a北京@c北京出版社@d1984
215    @a369页@d21cm
606    @a历史-中国-明代@x通俗读物
606    @a明代-历史@x通俗读物
607    @a中国@x历史x明代@x通俗读物
690    @aK248.09@v3
690    @aK24@v4
701  0 @a娄曾泉@Alou zeng quan@4著
801  0 @aCN@bTSSF@c20150127
905    @aZUCC@dK24@eJY2
    
    明朝史话/娄曾泉著.-北京:北京出版社,1984
    369页;21cm
    
    
    ISBN :CNY1.50
    
●
相关链接 在E读中查询图书 在五车中查询图书 在当当中查询图书 在豆瓣中查询图书


正题名:明朝史话     索取号:K24/JY2         预约/预借

序号 登录号 条形码 馆藏地/架位号 状态 备注
1 7847767   278477676   学院路分馆/ [索取号:K24/JY2] 在馆    
2 7847768   278477685   学院路分馆/ [索取号:K24/JY2] 在馆    
唐山师范学院图书馆 欢迎您!
大连网信软件有限公司© 版权所有